[Event "TCh-NED 2008-9"]
[Site "Netherlands NED"]
[Date "2008.12.13"]
[Round "4"]
[White "Peng Zhaoqin"]
[Black "Span,P"]
[Result "1/2-1/2"]
[WhiteElo "2462"]
[BlackElo "2296"]

1.d4 d5 2.c4 c6 3.Nf3 Nf6 4.Qc2 dxc4 5.Qxc4 Bf5 6.Nc3 e6 7.g3 Be7 8.Bg2 Ne4
9.O-O Nd7 10.Bf4 O-O 11.Rfd1 Nxc3 12.Qxc3 Be4 13.Bh3 Nf6 14.Be5 Nd5 15.Qb3 Qb6
16.Nd2 Qxb3 17.Nxb3 Bc2 18.Rdc1 Bxb3 19.axb3 Bf6 20.e4 Nb6 21.Bd6 Rfd8 22.e5 Nc8
23.Bc5 Be7 24.Bg2 Bxc5 25.dxc5 Ne7 26.Rd1 Rxd1+ 27.Rxd1 Nd5 28.f4 Kf8 29.Kf2 Ke7
30.Ra1 a6 31.Be4 Rd8 32.Ke2 Nc7 33.Ke3 Nd5+ 34.Ke2 Nc7 35.h4 h5 36.Ke3 g6
37.Bf3 Nd5+ 38.Ke4 Nc7 39.Rd1 Rxd1 40.Bxd1 Ne8 41.g4 hxg4 42.Bxg4 f5+ 43.exf6+ Nxf6+
44.Kf3 a5 45.Bh3 Nd7 46.b4 axb4 47.Ke4 Nxc5+ 48.Kd4 Nd7 49.Bf1 c5+ 50.Kc4 Kd6
51.Bd3 Nb6+ 52.Kb5 Nd5 53.Bxg6 Nxf4 54.Be4 Ke5 55.Bxb7 Kd4 56.Bf3 e5 57.h5 e4
58.Bg4 e3 59.h6 Ng6 60.Bh5 Nf8 61.Be2  1/2-1/2

[Event "XVIII Magistral"]
[Site "Elgoibar ESP"]
[Date "2008.12.14"]
[Round "4"]
[White "Argandona Riveiro,I"]
[Black "Mirzoev,A"]
[Result "0-1"]
[WhiteElo "2385"]
[BlackElo "2567"]

1.Nf3 d5 2.d4 c6 3.c4 dxc4 4.e3 Be6 5.a4 Nf6 6.Na3 c5 7.Qc2 cxd4 8.Nxd4 Bd5
9.Nxc4 e6 10.Ne5 Nbd7 11.Nxd7 Nxd7 12.Bd2 Rc8 13.Bc3 Bb4 14.Nb5 a6 15.Qd2 Be7
16.e4 Bxe4 17.Nd6+ Bxd6 18.Qxd6 Nf6 19.Qg3 Bg6 20.Rd1 Qc7 21.Be2 O-O 22.Bf3 Ne4
23.Bxe4 Qxg3 24.hxg3 Bxe4 25.f3 Bd5 26.a5 h6 27.Kf2 f6 28.Rhe1 Rf7 29.Rd2 Kh7
30.f4 Rc5 31.g4 Rfc7 32.Kg3 Kg6 33.Re3 h5 34.gxh5+ Kxh5 35.Kh3 Kg6 36.g4 Rc4
37.Kg3 R7c5 38.Red3 Ra4 39.Rd4 Ra1 40.Rd1 Ra2 41.R1d2 Bc6 42.R4d3 Rc4 43.Rd4 Rxd4
44.Rxd4 Ra1 45.Rd6 Rg1+ 46.Kh3 Kf7 47.Rd4 Rf1 48.g5 Kg6 49.gxf6 gxf6 50.Rd8 Rxf4
51.Rg8+ Kf5 52.Rf8 e5 53.Kh2 Rg4 54.Kh3 Rg6 55.Kh2 Ke4 56.Rf7 Bd5 57.Re7 Kf3
58.Rh7 Rg2+ 59.Kh1 Kf2 60.Rh2 Rxh2+ 61.Kxh2 Kf3 62.Kg1 Ke4 63.Kf2 f5 64.Bb4 f4
65.Be1 Kf5 66.b4 e4 67.b5 axb5  0-1

[Event "15th Croatian Open A"]
[Site "Zadar CRO"]
[Date "2008.12.14"]
[Round "1"]
[White "Arnaudov,P"]
[Black "Jovanic,O"]
[Result "1/2-1/2"]
[WhiteElo "2195"]
[BlackElo "2515"]

1.d4 d5 2.c4 c6 3.Nf3 Nf6 4.Qc2 dxc4 5.Qxc4 Bg4 6.Nbd2 Nbd7 7.h3 Bh5 8.g4 Bg6
9.Bg2 e6 10.O-O Be7 11.Qb3 Qc7 12.Re1 Ne4 13.Qe3 Nd6 14.Qf4 O-O-O 15.b3 Nb5
16.Nc4 Qxf4 17.Bxf4 Nb6 18.a4 Nxd4 19.Nxd4 Rxd4 20.Be3 Rdd8 21.Nxb6+ axb6
22.Bxb6 Bf6 23.Ra2 Bc3 24.Rc1 Rd2 25.Rxd2 Bxd2 26.Rc4 Bg5 27.b4 Bd8 28.Bxd8 Rxd8
29.b5 Rd1+ 30.Kh2 Kc7 31.bxc6 b6 32.f4 Rd2 33.Bf3 f6 34.Rb4 Ra2 35.Kg3 e5
36.fxe5 fxe5 37.Bd5  1/2-1/2

[Event "15th Croatian Open A"]
[Site "Zadar CRO"]
[Date "2008.12.17"]
[Round "6"]
[White "Lalic,B"]
[Black "Gagarin,V"]
[Result "1/2-1/2"]
[WhiteElo "2531"]
[BlackElo "2390"]

1.d4 d5 2.c4 c6 3.Nf3 Nf6 4.Qc2 dxc4 5.Qxc4 Bf5 6.g3 e6 7.Bg2 Nbd7 8.O-O Be7
9.Nc3 O-O 10.Re1 b5 11.Qxc6 b4 12.e4 Bg6 13.e5 Rc8 14.Qa6 bxc3 15.exf6 Nxf6
16.bxc3 Rxc3 17.Ne5 Qb6 18.Qxb6 axb6 19.d5 Bc5 20.dxe6 fxe6 21.Nxg6 hxg6
22.Be3 Bxe3 23.Rxe3 Rxe3 24.fxe3  1/2-1/2

[Event "FSGM December"]
[Site "Budapest HUN"]
[Date "2008.12.18"]
[Round "13"]
[White "Duong The Anh"]
[Black "Varga,Zo"]
[Result "1/2-1/2"]
[WhiteElo "2420"]
[BlackElo "2494"]

1.d4 d5 2.c4 dxc4 3.Nf3 c6 4.e3 Be6 5.Nc3 b5 6.a4 b4 7.Nb1 Nf6 8.Ne5 Nbd7
9.Bxc4 Bxc4 10.Nxc4 e6 11.b3 c5 12.Bb2 cxd4 13.Bxd4 Bc5 14.O-O O-O 15.Bb2 Rc8
16.Nbd2 Be7 17.Qe2 Nc5 18.e4 Nd3 19.Bxf6 Bxf6 20.Rad1 Nf4 21.Qe3 Qc7 22.g3  1/2-1/2

[Event "CCF Christmas Int"]
[Site "Coulsdon ENG"]
[Date "2008.12.18"]
[Round "6"]
[White "Allicock,R"]
[Black "Starostits,I"]
[Result "1/2-1/2"]
[WhiteElo "2300"]
[BlackElo "2480"]

1.d4 d5 2.c4 dxc4 3.Nf3 c6 4.e3 Be6 5.a4 Nf6 6.Na3 c5 7.Nxc4 Nc6 8.Be2 cxd4
9.exd4 Bd5 10.O-O e6 11.Ne3 Be7 12.Ne5 O-O 13.Nxd5 Nxd5 14.Bf3 Bf6 15.Re1 Qd6
16.Nxc6 bxc6 17.a5 Rab8 18.Ra4 Rfd8 19.g3 Rb5 20.Be4 Nb4 21.Be3 Bxd4 22.Bxd4 Qxd4
23.Qb1 g6 24.Bxc6 Rf5 25.Rf1 Qc4 26.Qe1 Rd4 27.Qe3 Qxc6 28.Qxd4 Qxa4 29.Rc1 e5
30.Qd8+ Kg7 31.Rc8 Kh6 32.Qd2+ Kg7 33.Qd8 Nc6 34.Qf8+ Kf6 35.Qd6+ Kg5 36.Rxc6 Qxa5
37.Qd1 Kh6 38.h4 Kg7 39.Rc2 Qb4 40.Qe2 h5 41.Qe3 a5 42.Re2 Qd4 43.Qe4 a4
44.Qe3 Qd1+ 45.Kg2 Kh7 46.Qe4 Qd7 47.Rc2 Qa7 48.Re2 Qa5 49.Kg1 Qa6 50.Qc2 Kg7
51.Re4 a3 52.bxa3 Qxa3 53.Qe2 Qc3 54.Kg2 Qc6 55.Kg1 Qd5 56.Re3 Qa8 57.Qb2 Qd5
58.Qe2 Qd4 59.Kg2 Kh6 60.Kg1 Kg7 61.Kg2 Rf6 62.Rxe5 Rxf2+ 63.Qxf2 Qxe5 64.Qd2 Kf6
65.Kh2 Kf5 66.Qd3+ Qe4 67.Qd7+ Kf6 68.Qd8+ Kg7 69.Qd2 Qf3 70.Qd4+ Kh7 71.Qd2 Qg4
72.Qa2 Qf5 73.Qd2 Qe5 74.Qc2 Kg7 75.Qd2 g5 76.hxg5 Kg6 77.Qd8 Qxg5 78.Qg8+ Kf6
79.Qd8+ Kf5 80.Qd3+ Ke6 81.Qa6+ Ke7 82.Qa3+ Kf6 83.Qd6+ Kg7 84.Qd4+ Qf6 85.Qd5 Kg6
86.Qd3+ Qf5 87.Qd6+ Qe6 88.Qd3+ f5 89.Qc2 Qd5 90.Qc3 Qa2+ 91.Kh3 Qe6 92.Qd3 Qe4
93.Qd6+ Kf7 94.Qd7+ Kf6 95.Qd6+ Qe6 96.Qxe6+ Kxe6 97.Kh4 Ke5 98.Kxh5 f4 99.gxf4+  1/2-1/2

[Event "TCh-ISR 2008-9"]
[Site "Israel ISR"]
[Date "2008.12.19"]
[Round "3"]
[White "Postny,E"]
[Black "Botvinnik,Il"]
[Result "1/2-1/2"]
[WhiteElo "2674"]
[BlackElo "2363"]

1.d4 d5 2.c4 c6 3.Nf3 dxc4 4.e3 Be6 5.a4 Nf6 6.Nc3 g6 7.Ne5 Bg7 8.Bxc4 Bxc4
9.Nxc4 O-O 10.O-O Nbd7 11.b4 Nd5 12.Qb3 Nxc3 13.Qxc3 b6 14.Bb2 c5 15.Rad1 cxd4
16.exd4 Rc8 17.Qb3 Nf6 18.d5 Nxd5 19.Bxg7 Kxg7 20.Nxb6 Qxb6 21.Rxd5 Rfd8
22.a5 Qe6 23.Qb2+ Qf6 24.Qd2 Rxd5 25.Qxd5 Rc2 26.b5 Qc3 27.a6 Rb2 28.h3 e6
29.Qg5 h6 30.Qe7 Qd4 31.Qb7 Qc5 32.Qf3 Qxb5 33.Rd1 Rb1 34.Rxb1 Qxb1+ 35.Kh2 Qb8+
36.g3 Qd6 37.Qb7 Qd4 38.Kg1 g5 39.g4 Kg6 40.Qc8 Kg7  1/2-1/2

[Event "TCh-HUN 2008-9"]
[Site "Budapest HUN"]
[Date "2008.12.21"]
[Round "4"]
[White "Forintos,G"]
[Black "Radnai,A"]
[Result "1/2-1/2"]
[WhiteElo "2338"]
[BlackElo "2286"]

1.d4 d5 2.c4 c6 3.Nf3 dxc4 4.e3 Be6 5.a4 Nf6 6.Na3 g6 7.Bxc4 Bxc4 8.Nxc4 Qd5
9.Qe2 Bg7 10.O-O O-O 11.b3 Na6 12.Ba3 Rfe8 13.Rac1 Ne4 14.Ncd2 Nxd2 15.Nxd2 Rad8  1/2-1/2

[Event "TCh-HUN 2008-9"]
[Site "Paks HUN"]
[Date "2008.12.21"]
[Round "4"]
[White "Landa,K"]
[Black "Acs,Peter"]
[Result "1/2-1/2"]
[WhiteElo "2613"]
[BlackElo "2542"]

1.d4 d5 2.c4 c6 3.Nf3 Nf6 4.Qb3 dxc4 5.Qxc4 Bf5 6.g3 e6 7.Bg2 Nbd7 8.Nc3 Be7
9.O-O O-O 10.Re1 Bg6 11.e4 b5 12.Qxc6 b4 13.e5 Rc8 14.Qa4 bxc3 15.exf6 Nxf6
16.bxc3 Rxc3 17.Ne5 Qb6 18.Nxg6 hxg6 19.Be3 Qb4 20.Qxa7 Ra3 21.Qb7 Rxa2 22.Qxb4 Bxb4
23.Rxa2 Bxe1 24.Kf1 Bb4 25.Ke2 Rd8 26.Ra4 Be7 27.Bg5 Kf8 28.Bxf6 Bxf6 29.Ke3 g5  1/2-1/2

[Event "Open A"]
[Site "Groningen NED"]
[Date "2008.12.27"]
[Round "6"]
[White "Rotstein,A"]
[Black "Hoffmann,Micha1"]
[Result "1/2-1/2"]
[WhiteElo "2496"]
[BlackElo "2469"]

1.d4 d5 2.c4 c6 3.Nf3 Nf6 4.Nbd2 Bf5 5.Nh4 Bc8 6.g3 e6 7.Bg2 Be7 8.O-O O-O
9.Nhf3 b6 10.Qc2 Bb7 11.Rd1 Na6 12.Ne5 Rc8 13.Qa4 Qe8 14.Ndf3 dxc4 15.Qxc4 c5
16.a4 Nc7 17.dxc5 bxc5 18.Bg5 Ba6 19.Qc2 Ncd5 20.Nc4 Nb4 21.Qb3 Nfd5 22.Bxe7 Qxe7
23.Nfe5 Rfd8 24.e4 Nb6 25.Bf1 Nxc4 26.Bxc4 Bb7 27.f3 Nc6 28.Nxc6 Bxc6 29.Rxd8+ Rxd8
30.Rd1 Rxd1+ 31.Qxd1 g5 32.b3 h6 33.Qa1 Qd8 34.Qe5 Qd1+ 35.Kg2 g4 36.fxg4 Qxg4
37.Bd3 Qd1 38.Qc3 Bxe4+ 39.Bxe4 Qe2+ 40.Kg1 Qxe4 41.Qxc5 Qb1+ 42.Kg2 Qxb3
43.Qxa7 Qd5+ 44.Kf2 Qd2+ 45.Kg1  1/2-1/2

[Event "Christmas Master Open"]
[Site "Zurich SUI"]
[Date "2008.12.27"]
[Round "3"]
[White "Salzgeber,F"]
[Black "Varga,Zo"]
[Result "0-1"]
[WhiteElo "2176"]
[BlackElo "2494"]

1.d4 d5 2.Nf3 c6 3.c4 dxc4 4.e3 Be6 5.a4 Nf6 6.Na3 c5 7.Nxc4 cxd4 8.Nxd4 Bd5
9.f3 e6 10.Bd2 Nbd7 11.Rc1 Bc5 12.Nb3 O-O 13.Nxc5 Nxc5 14.b4 Ncd7 15.Be2 Bxc4
16.Bxc4 Ne5 17.O-O Nxc4 18.Rxc4 Qd3 19.Rd4 Qa3 20.Bc1 Qc3 21.Rd3 Qc4 22.Rd4 Qc7
23.Qd3 Rac8 24.Qb3 Qc2 25.Qxc2 Rxc2 26.e4 Ra2 27.a5 Rc8 28.Rfd1 Kf8 29.Be3 Ke8
30.R4d3 Rb2 31.Bxa7 Rxb4 32.Bb6 Rbc4 33.Rd8+ Ke7 34.g3 Rc1 35.Kg2 R8c2+ 36.R1d2  0-1

[Event "35th ch-IND w National A"]
[Site "New Delhi IND"]
[Date "2008.12.28"]
[Round "11"]
[White "Mohota,N"]
[Black "Soumya,Sw"]
[Result "1-0"]
[WhiteElo "2311"]
[BlackElo "2326"]

1.d4 d5 2.c4 c6 3.Nf3 Nf6 4.Nbd2 Bf5 5.Nh4 e6 6.Nxf5 exf5 7.Qc2 dxc4 8.Qxf5 Bb4
9.Qe5+ Kf8 10.a3 Nbd7 11.Qf5 Ba5 12.Qc2 b5 13.e3 c5 14.dxc5 Rc8 15.Be2 Nxc5
16.O-O Nd3 17.b4 Bc7 18.Rd1 Qd6 19.Nf3 Rd8 20.Bb2 Ng4 21.Bxd3 cxd3 22.Qc5 f6
23.Rxd3 Qxc5 24.Rxd8+ Bxd8 25.bxc5 Bc7 26.h3 Ne5 27.Nd4 Ke7 28.Nxb5 Rb8 29.Bxe5 Bxe5
30.Nd4 Bxd4 31.exd4 Ke6 32.Re1+ Kd5 33.Re7 Kxd4 34.Rxg7 a5 35.Ra7 Kxc5 36.Rxa5+ Kd6
37.Ra6+ Ke5 38.Ra7 Rh8 39.a4 Kf5 40.a5 Kg6 41.a6 Rd8 42.Rb7 Rd1+ 43.Kh2 Ra1
44.a7 Ra3 45.f3 h6 46.Kg3 Kg5 47.Kf2 h5 48.Ke2 h4 49.Kd2 Kf4 50.Rg7 Ke5 51.Rh7 Kd6
52.Ke2 Ke5 53.Rh5+ f5 54.Rh7 Kf4 55.Rg7 Ke5 56.Kd2 Kd4 57.Rd7+ Ke5 58.Kc2 Ke6
59.Rh7 Kd6 60.Kb2 Ra5 61.Kb3 Kc6 62.Rf7 Ra1 63.Rf6+ Kb7 64.Rxf5 Kxa7 65.Rf4 Rg1
66.Rg4 Kb6 67.Kc3 Kc5 68.Kd3  1-0

[Event "17th Donau Open"]
[Site "Aschach AUT"]
[Date "2008.12.29"]
[Round "5"]
[White "Horvath,Jo1"]
[Black "Hertneck,G"]
[Result "1-0"]
[WhiteElo "2542"]
[BlackElo "2519"]

1.Nf3 d5 2.d4 Nf6 3.c4 c6 4.Qb3 dxc4 5.Qxc4 Bf5 6.g3 e6 7.Bg2 Nbd7 8.O-O Be7
9.e3 O-O 10.Rd1 Rc8 11.Qe2 Qc7 12.Nc3 Nd5 13.Bd2 Nxc3 14.Bxc3 Be4 15.Bh3 c5
16.Nd2 Bg6 17.Bg2 cxd4 18.Bxd4 e5 19.Bc3 Nc5 20.Nb3 e4 21.h4 h6 22.h5 Bf5
23.Nd4 Qd7 24.Nxf5 Qxf5 25.Bb4 Rfe8 26.Rac1 Nd3 27.Rxc8 Qxc8 28.Bc3 Bf8 29.Bxe4 Nxb2
30.Bxb2 Rxe4 31.Rc1 Qe6 32.Qd3 Ra4 33.Rc7 Ra5 34.Rxb7 Rd5 35.Qb3 Qe4 36.Bd4 Kh7
37.Qb1 Qxb1+ 38.Rxb1 Rxh5 39.Rb7 a6 40.Rxf7 Kg8 41.Rd7 Ra5 42.e4 Rxa2 43.e5 Rd2
44.e6 Be7 45.Kg2 Rd3 46.f4 h5 47.f5 a5 48.Bb6 Rxd7 49.exd7 a4 50.d8=Q+ Bxd8
51.Bxd8 Kf7 52.Kf3 a3 53.Ba5 g5 54.Bc3 a2 55.Ke4 Ke7 56.Ke5 Kf7 57.Bb2 Ke7
58.f6+ Kf7 59.Kf5 h4 60.gxh4 gxh4 61.Kg4  1-0

[Event "Christmas Master Open"]
[Site "Zurich SUI"]
[Date "2008.12.29"]
[Round "5"]
[White "Pelletier,Y"]
[Black "Varga,Zo"]
[Result "1-0"]
[WhiteElo "2557"]
[BlackElo "2494"]

1.d4 d5 2.c4 dxc4 3.Nf3 c6 4.e3 Be6 5.Nc3 b5 6.Be2 Nf6 7.O-O b4 8.Na4 Nbd7
9.Qc2 Bd5 10.Nd2 e5 11.dxe5 Nxe5 12.e4 Be6 13.Nxc4 Bxc4 14.Bxc4 Be7 15.Rd1 Qc7
16.f3 O-O 17.Bf1 Rad8 18.Bd2 c5 19.b3 Nc6 20.Be3 Bd6 21.g3 Be5 22.Rxd8 Rxd8
23.Rc1 Bd4 24.Bxd4 Nxd4 25.Qf2 Qe7 26.Nxc5 g5 27.Rc4 Nb5 28.Rxb4 Nc3 29.Rc4 Nd1
30.Qe2 Qc7 31.Kg2 Qb6 32.Rc1  1-0

[Event "Masters"]
[Site "Hastings ENG"]
[Date "2008.12.30"]
[Round "3"]
[White "Bates,Ri"]
[Black "Haslinger,S"]
[Result "1/2-1/2"]
[WhiteElo "2387"]
[BlackElo "2506"]

1.d4 d5 2.c4 c6 3.Nf3 Nf6 4.Qb3 dxc4 5.Qxc4 Bf5 6.g3 e6 7.Bg2 Be7 8.O-O O-O
9.Nc3 Nbd7 10.e3 b5 11.Qe2 b4 12.Na4 Qa5 13.b3 Qb5 14.Qd1 Rfd8 15.Bb2 Rac8
16.Rc1 c5 17.dxc5 Nxc5 18.Nd4 Qa5 19.Nxf5 exf5 20.Bd4 Qa6 21.Qf3 Nxa4 22.bxa4 Rxc1
23.Rxc1 Qxa4 24.Rc7 Nd5 25.Rxa7 Qc2 26.h3 g6 27.Qxd5 Rxd5 28.Bxd5 Bc5 29.Bxf7+ Kf8
30.Bg7+ Kxg7 31.Bb3+ Bxa7 32.Bxc2 Kf6 33.Kf1 h6 34.Ke2 g5 35.Kf3 Bb6 36.g4 f4
37.exf4  1/2-1/2

[Event "Hilton Schachfestival"]
[Site "Basel SUI"]
[Date "2009.01.02"]
[Round "2"]
[White "Loetscher,R"]
[Black "Varga,Zo"]
[Result "1/2-1/2"]
[WhiteElo "2362"]
[BlackElo "2488"]

1.d4 d5 2.c4 c6 3.Nf3 Nf6 4.Qc2 g6 5.Bf4 Bf5 6.Qb3 Qb6 7.e3 Bxb1 8.Rxb1 Nbd7
9.Bd3 e6 10.Ke2 Nh5 11.Bg5 Be7 12.h4 Qxb3 13.axb3 h6 14.g4 hxg5 15.hxg5 Ng3+
16.fxg3 O-O 17.Rh4 Kg7 18.Rbh1 Rh8 19.e4 dxe4 20.Bxe4 Bd6 21.R1h3 a5 22.Ke3 Rae8
23.Rh6 Bc7 24.Ke2 Reg8 25.Kd3 Rd8 26.Kc3 e5 27.d5 c5 28.d6 Bxd6 29.Bxb7 e4
30.Bxe4 Ne5 31.Nxe5 Bxe5+  1/2-1/2

[Event "Masters"]
[Site "Hastings ENG"]
[Date "2009.01.05"]
[Round "9"]
[White "Bates,Ri"]
[Black "Lock,G"]
[Result "1-0"]
[WhiteElo "2387"]
[BlackElo "2252"]

1.d4 d5 2.c4 c6 3.Nf3 Nf6 4.Qb3 dxc4 5.Qxc4 Bg4 6.Nbd2 Nbd7 7.h3 Bh5 8.e3 e6
9.Qb3 Qb6 10.Nc4 Qxb3 11.axb3 Be7 12.Bd2 O-O 13.Nfe5 Nxe5 14.Nxe5 Nd5 15.g4 Bg6
16.Nxg6 hxg6 17.Bg2 Rfd8 18.Ke2 Bd6 19.Rhc1 g5 20.Be1 Kf8 21.Ba5 Rd7 22.Rh1 Ke7
23.h4 gxh4 24.Rxh4 g5 25.Rh6 Rg8 26.Bxd5 cxd5 27.Rc1 b6 28.Bc3 a5 29.f3 Rc7
30.e4 Bf4 31.Ra1 Rd8 32.b4 axb4 33.Bxb4+ Bd6 34.Bc3 Bf4 35.Ra6 Rb7 36.Kd3 dxe4+
37.fxe4 Kd7 38.Rh7 Kc6 39.Ra4 Rdd7 40.Rc4+ Kb5 41.Rh8 Rbc7 42.Rb4+ Kc6 43.Rb8 Rb7
44.Rc4+ Kb5 45.Rg8 Rb8 46.Rb4+ Kc6 47.Rxb8 Bxb8 48.Kc4 Bf4 49.d5+ Kb7 50.Bd4 exd5+
51.exd5 Rd6 52.Bc5 Rf6 53.d6 Rxd6 54.Bxd6 Bxd6 55.Rb5 f6 56.Kd5 Be5 57.Ke6 Bd4
58.Kd6 Ka6 59.Kc6  1-0

[Event "Open A"]
[Site "Prague CZE"]
[Date "2009.01.10"]
[Round "2"]
[White "Minko,V"]
[Black "Horak,K2"]
[Result "1-0"]
[WhiteElo "1878"]
[BlackElo "2041"]

1.d4 d5 2.c4 c6 3.Nf3 Nf6 4.Qc2 e6 5.e3 Nbd7 6.b3 a6 7.Bd3 b5 8.O-O Be7 9.Nbd2 O-O
10.e4 dxe4 11.Nxe4 Bb7 12.Bb2 Rc8 13.Rad1 Qc7 14.Ne5 h6 15.Qe2 Rfd8 16.Rfe1 Nf8
17.Kh1 bxc4 18.bxc4 c5 19.dxc5 Bxe4 20.Bxe4 Nxe4 21.Qxe4 Bxc5 22.Qf3 f6 23.Ng4 e5
24.Rd5 Ng6 25.Bc1 Bd4 26.Qf5 Rxd5 27.Qxg6 Qxc4 28.Nxf6+ Kf8 29.Bxh6 gxh6
30.Nxd5 Qc1 31.Qf6+ Kg8 32.Ne7+  1-0

[Event "6th ch-Mediterranean"]
[Site "Antalya TUR"]
[Date "2009.01.11"]
[Round "2"]
[White "Vojinovic,J"]
[Black "Haznedaroglu,K"]
[Result "1/2-1/2"]
[WhiteElo "2331"]
[BlackElo "2451"]

1.d4 d5 2.Nf3 Nf6 3.c4 c6 4.Qc2 dxc4 5.Qxc4 Bf5 6.g3 e6 7.Bg2 Be7 8.O-O O-O
9.e3 Nbd7 10.Qe2 Ne4 11.Rd1 Qc7 12.Ne1 Bg6 13.Nc3 Nxc3 14.bxc3 Rad8 15.e4 c5
16.Be3 Rfe8 17.Nd3 Qa5 18.Rac1 Rc8 19.Nf4 cxd4 20.cxd4 Rxc1 21.Rxc1 e5 22.Nxg6 hxg6
23.dxe5 Nxe5 24.Rb1 b6 25.f4 Nd7 26.e5 Bc5 27.Rd1 Bxe3+ 28.Qxe3 Nc5 29.Bd5 Kf8
30.Bc4 Qb4 31.Qd4 Ne6 32.Bxe6 Qxd4+ 33.Rxd4 Rxe6 34.Rd7 a5 35.a4 g5 36.Kg2 gxf4
37.gxf4 g5 38.Kf3 gxf4 39.Kxf4 Rh6 40.Kg3 Rh5 41.Rd5 f6 42.Rd6 Rxe5 43.Rxf6+ Kg7
44.Rxb6 Re4  1/2-1/2

[Event "TCh-HUN 2008-9"]
[Site "Nagykanizsa HUN"]
[Date "2009.01.11"]
[Round "5"]
[White "Lenic,L"]
[Black "Radnai,A"]
[Result "1/2-1/2"]
[WhiteElo "2569"]
[BlackElo "2286"]

1.d4 d5 2.c4 c6 3.Nf3 dxc4 4.a4 Nf6 5.Nc3 Bf5 6.e3 e6 7.Bxc4 Bb4 8.O-O Nbd7
9.Qe2 O-O 10.e4 Bg6 11.e5 Nd5 12.Nxd5 cxd5 13.Bd3 Qb6 14.Qe3 Rfc8 15.Bxg6 fxg6
16.Qf4 Nf8 17.h4 h6 18.Qg3 Rc2 19.h5 g5 20.Be3 Rac8 21.Bc1 Re2  1/2-1/2

[Event "Bela Perenyi Mem"]
[Site "Budapest HUN"]
[Date "2009.01.14"]
[Round "6"]
[White "Zentai,P2"]
[Black "Metaxasz,V"]
[Result "1/2-1/2"]
[WhiteElo "2228"]
[BlackElo "2132"]

1.d4 d5 2.c4 c6 3.Nf3 Nf6 4.Qb3 dxc4 5.Qxc4 Bf5 6.g3 e6 7.Bg2 Nbd7 8.O-O Be7
9.Nc3 Ne4 10.Re1 O-O 11.Qb3 Qb6 12.Nh4 Bxh4 13.Qxb6 axb6 14.gxh4 Ndf6 15.f3 Nxc3
16.bxc3 Bc2 17.Bd2 Ra6 18.Rec1 Ba4 19.Bf1 b5 20.e4 Rd8 21.Be3 Ne8 22.Kf2 Nd6
23.Rab1 Rd7 24.Be2 h5 25.Bf4 Nc4 26.Rb4 g6 27.Be3 Ra8 28.Bf4 Kg7 29.Kg3 c5
30.Rbb1 cxd4 31.cxd4 Rxd4 32.Rb4 Rd7 33.Bxc4  1/2-1/2

[Event "IMB"]
[Site "Marianske Lazne CZE"]
[Date "2009.01.17"]
[Round "1"]
[White "Johansson,An"]
[Black "Poliakov,A"]
[Result "0-1"]
[WhiteElo "2005"]
[BlackElo "2302"]

1.Nf3 d5 2.d4 c6 3.c4 dxc4 4.e3 b5 5.a4 e6 6.b3 Bb4+ 7.Bd2 Bxd2+ 8.Qxd2 cxb3
9.axb5 Nf6 10.Qb4 Qe7 11.Qxb3 O-O 12.Nbd2 Bb7 13.Be2 Nbd7 14.bxc6 Bxc6 15.O-O Rfb8
16.Qc3 Bd5 17.Rfb1 Rxb1+ 18.Rxb1 a5 19.Ra1 a4 20.Qa3 Qxa3 21.Rxa3 Nb6 22.h3 h6
23.Kh2 Rc8 24.Bd1 g5 25.Ne5 Ne4 26.Nxe4 Bxe4 27.f3 Bc2 28.Be2 Bb3 29.Bb5 Rc2
30.Nd7 Nd5 31.e4 Nc3 32.Bc6 Ra2 33.Rxa2 Bxa2 34.d5 exd5 35.exd5 a3 36.d6 Be6
37.Nc5 Kf8 38.d7 Ke7  0-1

[Event "Open"]
[Site "Marianske Lazne CZE"]
[Date "2009.01.17"]
[Round "1"]
[White "Wiessner,J"]
[Black "Ossipov,V"]
[Result "0-1"]
[WhiteElo "1899"]
[BlackElo "2165"]

1.d4 d5 2.c4 c6 3.Nf3 Nf6 4.g3 Bf5 5.Bg2 e6 6.O-O Be7 7.Nc3 h6 8.b3 Nbd7
9.Bb2 a5 10.Nd2 O-O 11.e4 dxe4 12.Ndxe4 Nxe4 13.Nxe4 a4 14.Re1 Bb4 15.Re3 Bxe4
16.Rxe4 a3 17.Bc1 Nf6 18.Rh4 Bc3 19.Rb1 e5 20.d5 cxd5 21.cxd5 Bd4 22.Bd2 Re8
23.Rc1 Qb6 24.Qe2 Rec8 25.Rxc8+ Rxc8 26.Be3 Bxe3 27.fxe3 Rc1+ 28.Kf2 Rb1
29.Rc4 Rb2 30.Rc2 Ng4+  0-1

[Event "TCh-AUT 2nd Bundesliga Ost 2008-9"]
[Site "Austria AUT"]
[Date "2009.01.18"]
[Round "7"]
[White "Lendwai,R"]
[Black "Rumpl,E"]
[Result "1/2-1/2"]
[WhiteElo "2418"]
[BlackElo "2310"]

1.d4 d5 2.c4 c6 3.Nf3 Nf6 4.Qb3 dxc4 5.Qxc4 g6 6.Nc3 Bg7 7.e4 O-O 8.Be2 Bg4
9.Be3 Nbd7 10.Rd1 Nb6 11.Qc5 Nfd7 12.Qa5 Bxf3  1/2-1/2

[Event "TCh-BEL 2008-9"]
[Site "Belgium BEL"]
[Date "2009.01.18"]
[Round "7"]
[White "Alienkin,A"]
[Black "Mainka,R"]
[Result "0-1"]
[WhiteElo "2402"]
[BlackElo "2482"]

1.d4 d5 2.c4 c6 3.Nf3 Nf6 4.Qb3 dxc4 5.Qxc4 Bf5 6.g3 e6 7.Bg2 Nbd7 8.O-O Be7
9.Nc3 O-O 10.Bg5 h6 11.Bf4 Rc8 12.Rfe1 Bh7 13.Qb3 Qb6 14.e4 Rfd8 15.d5 Nc5
16.Qxb6 axb6 17.dxc6 bxc6 18.Ne5 b5 19.f3 b4 20.Ne2 g5 21.Be3 Nd3 22.Nxd3 Rxd3
23.Kf2 g4 24.Nc1 Rd7 25.e5 Nd5 26.Bxh6 gxf3 27.Bxf3 c5 28.b3 Nc3 29.Ne2 Ne4+
30.Kg2 Ng5 31.Bxg5 Bxg5 32.Nf4 c4 33.bxc4 Rxc4 34.Rad1 Rc2+ 35.Ne2 Rxd1 36.Rxd1 Rxa2
37.Rd4 Be7 38.Rd7 Kf8 39.Rb7 Bd3 40.Kf1 Ra1+ 41.Kg2 Ra2 42.Kf1 Bc5 43.Rb8+ Kg7
44.h4 Bc4 45.Ke1 Be3 46.Rd8 b3 47.Nc3 b2 48.Nb1 Ra1 49.Be4 Ba2 50.Rd1 Bc1
51.Nc3 Bb3 52.Rd7 Bc4 53.Kf2 Ra3 54.Nb1 Re3 55.Rd4 Ba2 56.Bc2 Rxe5 57.Rg4+ Kf8
58.Ra4 Be3+ 59.Kf1 Rc5  0-1

[Event "TCh-BEL 2008-9"]
[Site "Belgium BEL"]
[Date "2009.01.18"]
[Round "7"]
[White "Peng Zhaoqin"]
[Black "Michiels,B"]
[Result "0-1"]
[WhiteElo "2455"]
[BlackElo "2427"]

1.d4 d5 2.c4 c6 3.Nf3 Nf6 4.Qc2 dxc4 5.Qxc4 Bf5 6.Nc3 Nbd7 7.g3 e6 8.Bg2 Be7
9.O-O O-O 10.Re1 Ne4 11.Qb3 Qb6 12.Nh4 Qxb3 13.axb3 Bb4 14.g4 Nxc3 15.gxf5 Na2
16.Rd1 Nxc1 17.Raxc1 Rae8 18.fxe6 fxe6 19.e3 Nf6 20.Nf3 Nd5 21.Kf1 Kf7 22.Ke2 Ke7
23.Ng5 Rf5 24.h4 h6 25.Ne4 Nf6 26.Rg1 Rf8 27.f4 Rb5 28.Bf3 Kf7 29.Rg2 Nxe4
30.Bxe4 Be7 31.Rcg1 Bf6 32.Bc2 c5 33.h5 cxd4 34.e4 Rc8 35.Kd1 e5 36.fxe5 Rxe5
37.Rh1 Rcc5 38.Rgh2 Rg5 39.Bd3 Ke6 40.b4 Rc7 41.Rc2 Rxc2 42.Kxc2 Rg2+ 43.Kb3 Rd2
44.Rh3 Rf2 45.b5 Ke5 46.Rh1 Rd2 47.Kc4 Rxb2 48.Rf1 Kd6 49.Rf5 Be5 50.Rf7 a5
51.bxa6 b5+  0-1

[Event "ch-PriFO"]
[Site "Kazan RUS"]
[Date "2009.01.23"]
[Round "3"]
[White "Shaposhnikov,E"]
[Black "Amirkhanov,Ro"]
[Result "1-0"]
[WhiteElo "2544"]
[BlackElo "2288"]

1.d4 d5 2.c4 c6 3.Nf3 dxc4 4.e3 Be6 5.a4 Nf6 6.Na3 c5 7.Bxc4 Bxc4 8.Nxc4 Nc6
9.Qb3 Rb8 10.e4 Nxe4 11.Bf4 Rc8 12.d5 Nd4 13.Qxb7 Nxf3+ 14.gxf3 Nd6 15.Bxd6 exd6
16.Qb5+ Qd7 17.O-O Be7 18.Rfe1 Kd8 19.Na5 Qxb5 20.axb5 Kd7 21.Nc6 Bf6 22.Rxa7+ Rc7
23.Rea1  1-0

[Event "Queenstown Classic"]
[Site "Queenstown NZL"]
[Date "2009.01.23"]
[Round "9"]
[White "Smokina,K"]
[Black "Duneas,J"]
[Result "0-1"]
[WhiteElo "2251"]
[BlackElo "2075"]

1.d4 d5 2.c4 c6 3.Nf3 Nf6 4.Qc2 e6 5.e3 Nbd7 6.b3 Ne4 7.Bd3 Bb4+ 8.Kf1 f5
9.Bb2 O-O 10.h4 Ndf6 11.Ne5 Bd6 12.Rh3 Bxe5 13.dxe5 Ng4 14.f4 Nef2 15.Bd4 Nxh3
16.gxh3 Nh6 17.Qf2 dxc4 18.Bxc4 b6 19.Na3 c5 20.Bc3 a6 21.b4 b5 22.Be2 Bb7
23.Rd1 Qe7 24.Qe1 Rfd8 25.Nc2 Rxd1 26.Bxd1 Rd8 27.bxc5 Qxc5 28.Nd4 Qc4+ 29.Be2 Qxa2
30.Kf2 Bd5 31.Kg3 Rc8 32.Bb4 Nf7 33.h5 h6 34.h4 Qb2 35.Bd2 Nd8 36.Kh3 Nb7
37.Qd1 Nc5 38.Bc1 Qb1 39.Ba3 Qxd1 40.Bxd1 Ne4 41.Kh2 Rc3  0-1

[Event "Open"]
[Site "Marianske Lazne CZE"]
[Date "2009.01.24"]
[Round "8"]
[White "Galochkin,S"]
[Black "Svoboda,Ma"]
[Result "1/2-1/2"]
[WhiteElo "2052"]
[BlackElo "1865"]

1.Nf3 d5 2.d4 Nf6 3.c4 c6 4.Qc2 dxc4 5.Qxc4 Bf5 6.g3 e6 7.Bg2 Nbd7 8.O-O Be7
9.Nc3 h6 10.Qb3 Qb6 11.Qxb6 axb6 12.Re1 Ne4 13.Nh4 Bxh4 14.Nxe4 Be7 15.Bf4 Bxe4
16.Bxe4 Nf6 17.Bg2 O-O 18.a3 Rfd8 19.Red1 b5 20.a4 Rxa4 21.Rxa4 bxa4 22.Be5 Nd5
23.g4 Ra8 24.h3 Ra5 25.e4 Nf6 26.Ra1 Kf8 27.Bf3 Ke8 28.h4 Kd7 29.Kf1 Ne8
30.d5 Bxh4 31.Bc3 Ra6 32.dxc6+ bxc6 33.Rd1+ Kc8 34.Be2 Ra7 35.Bd4 Rd7 36.Ba6+ Kd8
37.Bb6+ Nc7 38.Rc1 Ke7 39.Bc8 Rd8 40.Bb7 Rb8 41.Bc5+ Kf6 42.Bxc6 Na6 43.Bd4+ e5
44.Bc3 Nb4 45.Bxa4 Na2  1/2-1/2

[Event "TCh-HUN 2008-9"]
[Site "Budapest HUN"]
[Date "2009.01.25"]
[Round "6"]
[White "Kosic,D"]
[Black "Dovzik,J"]
[Result "1/2-1/2"]
[WhiteElo "2511"]
[BlackElo "2374"]

1.Nf3 d5 2.d4 Nf6 3.c4 c6 4.Nbd2 Bf5 5.Nh4 Bc8 6.e3 e6 7.Nhf3 Be7 8.Bd3 O-O
9.O-O dxc4 10.Nxc4 c5 11.dxc5 Na6 12.c6 bxc6 13.Nfe5 Nb4 14.Be2 Qc7 15.a3 Nbd5
16.Qa4 Bb7 17.Bd2 Nb6 18.Qc2 c5 19.f3 Ba6 20.Rfc1 Rab8 21.Rab1 Bxc4 22.Nxc4 Nxc4
23.Bxc4 Rfd8 24.Be1 Bd6 25.g3 Nd7 26.Be2 Qb7 27.Bf2 Be5 28.b3 h6 29.Rd1 Bf6
30.f4 Be7 31.e4 Nf6 32.Rxd8+ Rxd8 33.Bf3 Qa6 34.a4 Qa5 35.Rd1 Rxd1+ 36.Qxd1 Qb4
37.Qd3 Qb7 38.h4 e5 39.Kg2 Qc7 40.f5 h5 41.Qb5 Qd6 42.Qb7 a6 43.Be2 Qd2 44.Qxa6 Ng4
45.Bxg4 hxg4 46.f6 Bxf6 47.Qc8+ Bd8 48.Qxc5 Qd3 49.Qd5 Qf3+ 50.Kg1 Bxh4 51.Qxe5 Qd1+
52.Kh2 Bf6 53.Qe8+ Kh7 54.Qxf7 Qf1 55.Qh5+ Kg8 56.Qf5 Be5 57.Qe6+ Kh7 58.Qf5+ Kg8
59.Qe6+ Kh7 60.Qf5+  1/2-1/2